000 00903nam a2200265Ia 4500
003 OSt
005 20221005103349.0
006 a|||||r|||| 00| 0
007 ta
008 221004b |||||||| |||| 00| 0 san d
020 _a9788192244778 (hbk)
_c400
024 _a2360
037 _b360, 11/01/2013, Eastern Book Linkers
_cTextual
040 _aCRL
_cCRL
_bsan
041 _2san
_asan
082 _aO15,1:g, Q2
100 _aरामप्रताप
245 0 _aकाव्यचमत्कारः
246 _aKāvyachamatkārah
260 _aजम्मू
_bहाइब्रो पब्लिकेशन्ज भारत
_c2012
300 _a313पृ0
_ccm.
650 _aसंस्कृत साहित्य
942 _hO15,1:g, Q2
_cTEXL
_2cc
999 _c1009948
_d1009948